000 03941cam a2200421 i 4500
001 3104
003 FISKH
005 20240206121402.0
008 220804t20232023nyuab b 001 0deng
010 _a 2022028630
020 _a9780385534277
040 _aDLC
_beng
_cDLC
_erda
042 _apcc
043 _as-ag---
_as-cl---
_ae-uk---
050 0 0 _aG530.W25
_bG73 2023
082 0 0 _a910.9164/1
_223/eng20221202
100 1 _aGrann, David,
_eauthor.
245 1 4 _aThe Wager :
_ba tale of shipwreck, mutiny and murder /
_cDavid Grann.
250 _aFirst edition.
264 1 _aNew York :
_bDoubleday,
_c[2023]
264 4 _c2023
300 _axiii, 329 pages :
_billustrations (some color) ;
_c24 cm
336 _atext
_btxt
_2rdacontent
337 _aunmediated
_bn
_2rdamedia
338 _avolume
_bnc
_2rdacarrier
500 _a"Maps [on end papers] designed by Jeffrey L. Ward"--T.p. verso.
504 _aIncludes bibliographical references (pages [265]-313) and index.
520 _a"From the #1 New York Times bestselling author of Killers of the Flower Moon and The Lost City of Z, a mesmerizing story of shipwreck, survival, and savagery, culminating in a court martial that reveals a shocking truth On January 28, 1742, a ramshackle vessel of patched-together wood and cloth washed up on the coast of Brazil. Inside were thirty emaciated men, barely alive, and they had an extraordinary tale to tell. They were survivors of His Majesty's Ship the Wager, a British vessel that had left England in 1740 on a secret mission during an imperial war with Spain. While the Wager had been chasing a Spanish treasure-filled galleon known as "the prize of all the oceans," it had wrecked on a desolate island off the coast of Patagonia. The men, after being marooned for months and facing starvation, built the flimsy craft and sailed for more than a hundred days, traversing 2500 miles of storm-wracked seas. They were greeted as heroes. But then ... six months later, another, even more decrepit craft landed on the coast of Chile. This boat contained just three castaways, and they had a very different story to tell. The thirty sailors who landed in Brazil were not heroes - they were mutineers. The first group responded with countercharges of their own, of a tyrannical and murderous captain and his henchmen. It became clear that while stranded on the island the crew had fallen into anarchy, with warring factions fighting for dominion over the barren wilderness. As accusations of treachery and murder flew, the Admiralty convened a court martial to determine who was telling the truth. The stakes were life-and-death-for whomever the court found guilty could hang. The Wager is a grand tale of human behavior at the extremes told by one of our greatest nonfiction writers. Grann's recreation of the hidden world on a British warship rivals the work of Patrick O'Brian, his portrayal of the castaways' desperate straits stands up to the classics of survival writing such as The Endurance, and his account of the court martial has the savvy of a Scott Turow thriller. As always with Grann's work, the incredible twists of the narrative hold the reader spellbound. Most powerfully, he unearths the deeper meaning of the events, showing that it was not only the Wager's captain and crew who were on trial - it was the very idea of empire"--
_cProvided by publisher.
610 2 0 _aWager (Ship)
650 0 _aShipwrecks
_zPatagonia (Argentina and Chile)
650 0 _aShipwreck victims
_zPatagonia (Argentina and Chile)
650 0 _aShipwreck victims
_zGreat Britain.
650 0 _aMutiny
_zGreat Britain.
776 0 8 _iOnline version:
_aGrann, David.
_tWager
_bFirst edition.
_dNew York : Doubleday, [2023]
_z9780385534277
_w(DLC) 2022028631
906 _a7
_bcbc
_corignew
_d1
_eecip
_f20
_gy-gencatlg
942 _2ddc
_cEBOOK
_n0
999 _c3104
_d3104